Κατάλογος Βιβλιοθηκών Mediterranean College

Art : (Record no. 9927)

MARC details
000 -LEADER
fixed length control field 01868nam a22002417a 4500
005 - ΗΜΕΡΟΜΗΝΙΑ ΚΑΙ ΩΡΑ ΤΕΛΕΥΤΑΙΑΣ ΕΝΗΜΕΡΩΣΗΣ
Πεδίο ελέγχου 20250905103149.0
006 - FIXED-LENGTH DATA ELEMENTS--ADDITIONAL MATERIAL CHARACTERISTICS
Πεδίο ελέγχου σταθερού μήκους a|||||r|||||||||||
008 - FIXED-LENGTH DATA ELEMENTS--GENERAL INFORMATION
Πεδίο ελέγχου σταθερού μήκους s2023 nyua e 001 0 eng||
020 ## - ISBN
ISBN 9780241629031
040 ## - ΠΗΓΗ ΚΑΤΑΛΟΓΟΓΡΑΦΗΣΗΣ
Φορέας πρωτότυπης καταλογογράφησης MC Athens Campus Library
Γλώσσα καταλογογράφησης Αγγλικά
245 10 - ΤΙΤΛΟΣ ΚΑΙ ΔΗΛΩΣΗ ΥΠΕΥΘΥΝΟΤΗΤΑΣ
Τίτλος Art :
Remainder of title the definitive visual history
250 ## - EDITION STATEMENT
Edition statement New edition.
264 #1 - PRODUCTION, PUBLICATION, DISTRIBUTION, MANUFACTURE, AND COPYRIGHT NOTICE
Place of production, publication, distribution, manufacture New York :
Name of producer, publisher, distributor, manufacturer Dorling Kindersley,
Date of production, publication, distribution, manufacture, or copyright notice 2023
300 ## - PHYSICAL DESCRIPTION
Extent 612 p. :
Other physical details ill. ;
Διαστάσεις 29 cm
500 ## - GENERAL NOTE
Γενική σημείωση Includes index.
505 00 - FORMATTED CONTENTS NOTE
Τίτλος Prehistoric art -- Ancient Near East -- Ancient Egypt -- Civilizations of the East -- Ancient Greece -- Nudes -- Etruscans and Ancient Rome -- Outside the Empire -- Early Christian and Byzantine -- Carolingian -- Ottonian -- Viking art -- Anglo-Saxon and Celtic art -- Early Islamic art -- South Asia -- Southeast Asia -- East Asia -- Central and South America -- Romanesque and Gothic art -- Early Italian art -- International Gothic art.
520 ## - SUMMARY, ETC.
Summary, etc. Introducing Art: The Definitive Visual Guide – an invaluable reference book that spans 30,000 years of global art history, from cave paintings to contemporary art, and showcases the works of over 700 artists in striking detail to truly bring the artwork to life. Each artistic movement, from the Italian Renaissance to Impressionism to Graffiti Art, is explained in clear detail with descriptions of their origins and influences, characteristic styles and techniques, and typical subjects.<br/>A visual timeline of key works gives an overview of the scope of each major movement, while graphics, overlays, and detailed close-ups, show readers how to "read" composition and subject matter, and explain the specifics of the techniques and methods the artist used to create their masterpieces.
650 #0 - SUBJECT ADDED ENTRY--TOPICAL TERM
Topical term or geographic name entry element Fashion
9 (RLIN) 9926
650 #0 - SUBJECT ADDED ENTRY--TOPICAL TERM
Topical term or geographic name entry element Fashion and art
General subdivision History
9 (RLIN) 10078
700 ## - ΠΡΟΣΘΕΤΗ ΑΝΑΓΡΑΦΗ--ΦΥΣΙΚΟ ΠΡΟΣΩΠΟ
Personal name Graham-Dixon, Andrew
Σχέση Επιμελητής
9 (RLIN) 10095
942 ## - ADDED ENTRY ELEMENTS (KOHA)
Koha item type Books
Holdings
Τύπος τεκμηρίου Βιβλιοθήκη Τρέχουσα τοποθεσία Barcode Αριθμός εισαγωγής Ημερομηνία απόκτησης Ταξιθετικό σύμβολο Αριθμός αντιτύπου Κατάσταση απόσυρσης Κατάσταση χαμένου Κατάσταση κατεστραμμένου Μη δανεισμός Σύνολο δανεισμών Ημερομηνία τελευταίας εμφάνισης Η τιμή ισχύει από
Books MC Athens Campus Library MC Athens Campus Library 9780000098986 8087 05/09/2025 700.3 GRA 1       Μη δανειζόμενο   05/09/2025 05/09/2025

MC Athens Campus Library
Πατησίων 94 & Κοδριγκτώνος 13, 104 34
Πελλήνης 8 & Πατησίων 107, 112 51
Τ: +30 210 8899600

MC Thessaloniki Campus Library
Ίωνος Δραγούμη 21, 54625 | Ίωνος Δραγούμη 15, 54625
Τ: +30 2310 287779 – Τ: +30 2314 440300